000 00377 a2200169 4500
001 73901
020 _a85020268-5
040 _cAnchieta - Colégio São Paulo
100 _aOlinto, Antonio
240 1 0 _aMinidicionário
_lIng
245 1 0 _aMinidicionário
300 _a271
362 0 _a2001
440 1 _aSaraiva
650 4 _aObras enciclopédicas gerais
942 _cBK
999 _c73901
_d73901